Vista normal Vista MARC

Entrada Corporate Name

Número de registros utilizados en: 1

001 - CONTROL NUMBER

  • control field: 40729

003 - CONTROL NUMBER IDENTIFIER

  • control field: OSt

005 - DATE AND TIME OF LATEST TRANSACTION

  • control field: 20210922163939.0

008 - FIXED-LENGTH DATA ELEMENTS

  • fixed length control field: 210922|| aca||aabn | a|a d

040 ## - CATALOGING SOURCE

  • Original cataloging agency: OSt
  • Transcribing agency: OSt

110 ## - HEADING--CORPORATE NAME

  • Corporate name or jurisdiction name as entry element: Corporación Nacional de Turismo de Colombia

670 ## - SOURCE DATA FOUND

  • Source citation: Work cat.: (OSt)12506: Corporación Nacional de Turismo de Colombia autor, 30 años de historia del turismo colombiano /, 1998.